Villes de Nouvelle-Aquitaine par zoom sur Maps - Statistiques

Statistiques générales
  • Ce quiz a été pris 87 fois
  • Le résultat moyen est 16 sur 18
Statistiques - réponses
ZOOM Ville % Correct
ZOOM 1 33 Bordeaux
99%
ZOOM 1 17 La Rochelle
99%
ZOOM 2 64 Pau
96%
ZOOM 1 64 Bayonne
93%
ZOOM 2 47 Agen
92%
ZOOM 1 87 Limoges
92%
ZOOM 2 79 Niort
92%
ZOOM 1 86 Poitiers
92%
ZOOM 3 24 Périgueux
89%
ZOOM 2 40 Mont-de-Marsan
88%
ZOOM 4 16 Angoulême
86%
ZOOM 2 19 Brive-la-Gaillarde
86%
ZOOM 3 17 Saintes
81%
ZOOM 2 24 Bergerac
78%
ZOOM 2 17 Royan
78%
ZOOM 2 17 Rochefort
77%
ZOOM 2 23 Guéret
72%
ZOOM 2 86 Châtellerault
61%
Aucun quiz correspondant
Distribution des résultats
% des personnes avec chaque résultat
Percentile par nombre de réponses
Votre historique - résultats
Vous n’avez pas pris ce quiz